[Event "UZB-ch (Women)"]
[Site "Tashkent"]
[Date "2018.05.11"]
[Round "9"]
[White "Baymuratova, Sevara"]
[Black "Danierova, Rayhon"]
[Result "1-0"]
[WhiteElo "2142"]
[BlackElo "2029"]
[PlyCount "119"]
[EventDate "2018.05.03"]
[EventType "tourn"]
[EventRounds "9"]
[EventCountry "UZB"]
[SourceTitle "CBM 184 Extra"]
[Source "ChessBase"]
[SourceDate "2018.06.28"]
[SourceVersion "1"]
[SourceVersionDate "2018.06.28"]
[SourceQuality "1"]

1. d4 d6 2. c4 c6 3. Nf3 Bg4 4. Nbd2 Nf6 5. g3 Bxf3 6. Nxf3 Nbd7 7. Bg2 e6 8. 0-0 Be7 9. b3 0-0 10. Bb2 a5 11. a3 Nb6 12. Qc2 a4 13. b4 Nfd7 14. c5 Nd5 15. e4 Nc7 16. Rad1 d5 17. Rfe1 dxe4 18. Rxe4 Nf6 19. Rh4 Qd5 20. Ne5 Qa2 21. Nd7 Rfd8 22. Nb6 Qb3 23. Qxb3 axb3 24. Nxa8 Rxa8 25. Rf4 Nb5 26. Rf3 Nd5 27. Rxb3 Bf6 28. Be4 Kf8 29. h4 g6 30. Rf3 Bg7 31. Bc2 Nbc7 32. Bb3 Kg8 33. Rfd3 Kf8 34. Kf1 Ke7 35. Ke2 Kd7 36. Rf3 Ke7 37. Rfd3 Kd7 38. Ra1 h6 39. Rdd1 Bh8 40. Kd2 Bg7 41. Kc2 Bh8 42. Bc4 f5 43. Kb3 Rf8 44. a4 f4 45. Rf1 Bg7 46. b5 Ra8 47. b6 Na6 48. Rae1 f3 49. Re4 e5 50. Bxa6 Rxa6 51. dxe5 Ke6 52. Rd1 Bf8 53. Rc4 Ra5 54. Bd4 Kf5 55. g4+ Ke6 56. Rd3 g5 57. Rxf3 Be7 58. hxg5 hxg5 59. Rh3 Nf4 60. Rh7 1-0

[Event "UZB-ch (Women)"]
[Site "Tashkent"]
[Date "2016.03.15"]
[Round "6"]
[White "Danierova, Rayhon"]
[Black "Tokhirjonova, Gulruhbegim"]
[Result "0-1"]
[WhiteElo "1932"]
[BlackElo "2259"]
[PlyCount "180"]
[EventDate "2016.03.10"]
[EventType "tourn"]
[EventRounds "11"]
[EventCountry "UZB"]
[SourceTitle "CBM 171 Extra"]
[Source "ChessBase"]
[SourceDate "2016.04.26"]
[SourceVersion "1"]
[SourceVersionDate "2016.04.26"]
[SourceQuality "1"]

1. e4 e5 2. Nf3 Nc6 3. Bb5 a6 4. Ba4 Nf6 5. d3 b5 6. Bb3 Be7 7. 0-0 d6 8. c3 0-0 9. Nbd2 Na5 10. Bc2 c5 11. Re1 Re8 12. Nf1 Nc6 13. Ng3 Bf8 14. h3 Ne7 15. Bg5 Ng6 16. Nh5 Be7 17. Ng3 Be6 18. d4 cxd4 19. cxd4 Rc8 20. d5 Bd7 21. a4 Nxd5 22. Bxe7 Ndxe7 23. axb5 Bxb5 24. Bb3 h6 25. Qd2 Qb6 26. Rad1 Red8 27. Nf5 Nxf5 28. exf5 Nf4 29. g3 Nxh3+ 30. Kg2 Bc6 31. Kxh3 Bxf3 32. Re3 Bxd1 33. Qxd1 d5 34. Kg2 Qd6 35. Rf3 Qf6 36. g4 Rb8 37. Rg3 Rb4 38. Qd2 a5 39. Bd1 e4 40. b3 d4 41. Qf4 e3 42. Qc7 exf2 43. Qxa5 Rbb8 44. Kxf2 d3 45. Qd2 Qd4+ 46. Kg2 Rbc8 47. Re3 Rc7 48. Rg3 Qe4+ 49. Kf2 Re7 50. Rh3 Qd4+ 51. Kg2 Ra7 52. g5 hxg5 53. Rg3 Qe4+ 54. Bf3 Qxf5 55. Rxg5 Qf6 56. Rh5 Rc7 57. Bd1 Re7 58. Rh3 Rd5 59. Rg3 Ree5 60. Bf3 Rd8 61. b4 Re7 62. b5 Rc7 63. Bc6 Rxc6 64. bxc6 Qxc6+ 65. Kg1 Qc5+ 66. Kf1 Qf5+ 67. Kg2 Rd6 68. Kh2 Rd4 69. Qe3 Qh5+ 70. Kg1 Qd1+ 71. Kf2 Qe2+ 72. Qxe2 dxe2 73. Kxe2 Rf4 74. Ke3 Rf1 75. Ke2 Rf6 76. Ke3 g6 77. Ke4 Kg7 78. Ke5 Rf1 79. Rh3 f6+ 80. Ke4 g5 81. Ke3 Kg6 82. Ke2 Rf4 83. Ke3 f5 84. Rh8 Ra4 85. Kf2 Ra3 86. Kg2 g4 87. Rg8+ Kf6 88. Re8 Kg5 89. Rb8 Ra2+ 90. Kg1 f4 0-1

[Event "UZB-ch (Women)"]
[Site "Tashkent"]
[Date "2016.03.14"]
[Round "5"]
[White "Abdusattorova, Bakhora"]
[Black "Danierova, Rayhon"]
[Result "1-0"]
[WhiteElo "2131"]
[BlackElo "1932"]
[PlyCount "119"]
[EventDate "2016.03.10"]
[EventType "tourn"]
[EventRounds "11"]
[EventCountry "UZB"]
[SourceTitle "CBM 171 Extra"]
[Source "ChessBase"]
[SourceDate "2016.04.26"]
[SourceVersion "1"]
[SourceVersionDate "2016.04.26"]
[SourceQuality "1"]

1. d4 Nf6 2. c4 g6 3. Nc3 Bg7 4. e4 d6 5. h3 Nbd7 6. Bg5 c5 7. d5 a6 8. a4 b6 9. Nf3 h6 10. Bf4 0-0 11. Bd3 Nh5 12. Bh2 Rb8 13. 0-0 Qc7 14. Rc1 Ne5 15. Be2 Nxf3+ 16. Bxf3 Nf6 17. Be2 Bd7 18. f4 Ne8 19. Bd3 b5 20. axb5 axb5 21. Nxb5 Bxb5 22. cxb5 Bxb2 23. Rc2 Bd4+ 24. Kh1 Ra8 25. Qe2 Nf6 26. Bg3 Nh5 27. Be1 Ra3 28. g4 Nf6 29. Bd2 Nd7 30. Kg2 Rfa8 31. h4 Ra2 32. Rfc1 Nb6 33. h5 Rxc2 34. Rxc2 Kg7 35. hxg6 fxg6 36. Qe1 Qd7 37. Qh4 Qe8 38. Bc1 Qf7 39. Kg3 Bf6 40. Qh3 Bd4 41. Rh2 Rh8 42. g5 h5 43. Ra2 Rf8 44. Be2 Be5 45. Qh4 Bd4 46. Ra7 Ra8 47. Rxa8 Nxa8 48. Bd2 e6 49. Qh3 exd5 50. f5 dxe4 51. f6+ Kh7 52. Bc4 Qe8 53. f7 Qf8 54. Ba5 Qe7 55. Qh4 Bg7 56. Kf2 Qe5 57. Ke2 d5 58. Qh3 dxc4 59. Qc8 Qf4 60. Qg8# 1-0

[Event "UZB-ch (Women)"]
[Site "Tashkent"]
[Date "2014.04.02"]
[Round "10"]
[White "Danierova, Rayhon"]
[Black "Kurbonboeva, Sarvinoz"]
[Result "0-1"]
[WhiteElo "1937"]
[BlackElo "2195"]
[PlyCount "58"]
[EventDate "2014.03.24"]
[EventType "tourn"]
[EventRounds "11"]
[EventCountry "UZB"]
[SourceTitle "CBM 159 Extra"]
[Source "ChessBase"]
[SourceDate "2014.04.24"]
[SourceVersion "1"]
[SourceVersionDate "2014.04.24"]
[SourceQuality "1"]

1. d4 Nf6 2. e3 c5 3. Nf3 g6 4. Be2 Bg7 5. 0-0 0-0 6. c4 d6 7. Nc3 Nc6 8. b3 b6 9. Bb2 e6 10. Qc2 Qe7 11. Rfd1 Bb7 12. a3 Rac8 13. Rab1 Rfd8 14. Ba1 cxd4 15. exd4 d5 16. Qa2 Ne4 17. Bf1 Ng5 18. Nxg5 Qxg5 19. cxd5 Nxd4 20. f4 Qxf4 21. dxe6 Be5 22. exf7+ Kf8 23. Rd3 Qxh2+ 24. Kf2 Qh4+ 25. g3 Bxg3+ 26. Rxg3 Qf4+ 27. Kg1 Qxg3+ 28. Bg2 Nf3+ 29. Kf1 Nd2+ 0-1

[Event "UZB-ch (Women)"]
[Site "Tashkent"]
[Date "2014.03.24"]
[Round "1"]
[White "Danierova, Rayhon"]
[Black "Gevorgyan, Irina"]
[Result "0-1"]
[WhiteElo "1937"]
[BlackElo "2178"]
[PlyCount "118"]
[EventDate "2014.03.24"]
[EventType "tourn"]
[EventRounds "11"]
[EventCountry "UZB"]
[SourceTitle "CBM 159 Extra"]
[Source "ChessBase"]
[SourceDate "2014.04.24"]
[SourceVersion "1"]
[SourceVersionDate "2014.04.24"]
[SourceQuality "1"]

1. e4 c5 2. Nf3 e6 3. d4 cxd4 4. Nxd4 a6 5. Nc3 Qc7 6. Be3 Bb4 7. Qd3 Nf6 8. Bd2 Nc6 9. a3 Be7 10. Nb3 b5 11. f4 b4 12. Nd1 bxa3 13. bxa3 d5 14. e5 Nxe5 15. fxe5 Qxe5+ 16. Qe3 Qc7 17. Qc3 Qd8 18. Nf2 0-0 19. Be2 e5 20. 0-0 d4 21. Qa5 Qxa5 22. Nxa5 Bd7 23. Bb4 Rfe8 24. Rfe1 Bxb4 25. axb4 Rab8 26. Rab1 Nd5 27. Nd3 Bb5 28. Nc1 f6 29. Bxb5 axb5 30. Ne2 Rec8 31. Rec1 Rc7 32. Nb3 Nxb4 33. Nbxd4 Na2 34. Re1 exd4 35. Nxd4 Nc3 36. Rb3 b4 37. Nf5 Rb6 38. Ne7+ Kf7 39. Rxc3 Rxc3 40. Nd5 Rcc6 41. Nxb6 Rxb6 42. Kf2 Rc6 43. Re2 f5 44. h3 Kf6 45. Kf3 Rc3+ 46. Kf2 Rc5 47. Kf3 g5 48. Kf2 h5 49. Kf1 Rc4 50. Kf2 f4 51. Ke1 Kf5 52. Kd2 Rd4+ 53. Kc1 g4 54. hxg4+ hxg4 55. Kb2 f3 56. gxf3 gxf3 57. Re8 Kg4 58. Kb3 f2 59. Rg8+ Kf3 0-1

[Event "UZB-ch (Women)"]
[Site "Tashkent"]
[Date "2011.05.29"]
[Round "9"]
[White "Danierova, Rayhon"]
[Black "Esonboeva, Gulruhsor"]
[Result "1-0"]
[WhiteElo "1894"]
[BlackElo "2026"]
[PlyCount "63"]
[EventDate "2011.05.21"]
[EventType "tourn"]
[EventRounds "11"]
[EventCountry "UZB"]
[SourceTitle "CBM 142 Extra"]
[Source "ChessBase"]
[SourceDate "2011.06.27"]
[SourceVersion "1"]
[SourceVersionDate "2011.06.27"]
[SourceQuality "1"]

1. e4 e5 2. Nc3 Nf6 3. Bc4 Nxe4 4. Qh5 Nd6 5. Bb3 Nc6 6. Nb5 g6 7. Qf3 f5 8. Qd5 Qe7 9. Nxc7+ Kd8 10. Nxa8 b6 11. Nxb6 axb6 12. Qf3 Bb7 13. d3 Nd4 14. Qh3 e4 15. Be3 Bg7 16. 0-0-0 N6b5 17. c3 Nxb3+ 18. axb3 Nxc3 19. bxc3 Qa3+ 20. Kd2 Qb2+ 21. Ke1 Bxc3+ 22. Kf1 Qxb3 23. Rc1 exd3 24. Bg5+ Ke8 25. Qxd3 Qb2 26. Qxc3 Ba6+ 27. Ne2 Bxe2+ 28. Kg1 Qxc3 29. Rxc3 Kf7 30. f3 Re8 31. Kf2 Bb5 32. Re1 1-0

[Event "UZB-ch (Women)"]
[Site "Tashkent"]
[Date "2011.05.23"]
[Round "3"]
[White "Tokhirjanova, Hulkar"]
[Black "Danierova, Rayhon"]
[Result "1-0"]
[WhiteElo "2106"]
[BlackElo "1894"]
[PlyCount "67"]
[EventDate "2011.05.21"]
[EventType "tourn"]
[EventRounds "11"]
[EventCountry "UZB"]
[SourceTitle "CBM 142 Extra"]
[Source "ChessBase"]
[SourceDate "2011.06.27"]
[SourceVersion "1"]
[SourceVersionDate "2011.06.27"]
[SourceQuality "1"]

1. e4 e6 2. d4 d5 3. Nd2 Nc6 4. Ngf3 Nf6 5. e5 Nd7 6. c3 f6 7. exf6 Qxf6 8. Be2 Bd6 9. Nf1 0-0 10. Be3 Ne7 11. Qd2 c6 12. Ng3 e5 13. dxe5 Nxe5 14. Nxe5 Bxe5 15. 0-0 Nf5 16. Bg5 Qf7 17. Bh5 Qc7 18. Rae1 h6 19. Be3 Nh4 20. Bc5 Bd7 21. Bxf8 Rxf8 22. Qe3 Bf6 23. Qd3 Qc8 24. Re2 Kh8 25. Rfe1 b6 26. Bg6 Bg5 27. Nh5 Rg8 28. f4 Bf6 29. Bf7 Rf8 30. Nxf6 gxf6 31. Be6 Bxe6 32. Rxe6 Rg8 33. Qh3 Rxg2+ 34. Qxg2 1-0

[Event "UZB-ch U20 Girls"]
[Site "Tashkent"]
[Date "2009.09.06"]
[Round "2"]
[White "Orzikulova, Maftuna"]
[Black "Danierova, Rayhon"]
[Result "0-1"]
[WhiteElo "2009"]
[BlackElo "1918"]
[PlyCount "160"]
[EventDate "2009.09.05"]
[EventType "tourn"]
[EventRounds "13"]
[EventCountry "UZB"]
[SourceTitle "EXT 2015"]
[Source "ChessBase"]
[SourceDate "2014.11.20"]
[SourceVersion "1"]
[SourceVersionDate "2014.11.20"]
[SourceQuality "1"]

1. d4 Nf6 2. c4 d6 3. Nc3 Nbd7 4. Nf3 e5 5. d5 Be7 6. e4 c6 7. h3 Qc7 8. Be3 0-0 9. Bd3 Rd8 10. 0-0 Nf8 11. b4 Ng6 12. Qd2 Bd7 13. Rac1 a5 14. b5 c5 15. Nh2 Qc8 16. Ne2 h6 17. Ng3 Nh4 18. f3 Nh7 19. Qf2 Ng5 20. f4 exf4 21. Bxf4 Bf6 22. Ne2 Rf8 23. Kh1 Nxg2 24. Qxg2 Bxh3 25. Qg3 Bxf1 26. Rxf1 Re8 27. Ng4 Be5 28. Nxe5 dxe5 29. Bxg5 hxg5 30. Kg2 f6 31. Rh1 Kf7 32. Qh3 Qxh3+ 33. Rxh3 a4 34. Ng3 a3 35. Nf5 Kg8 36. Bc2 Red8 37. Bd1 g6 38. Ne3 Kg7 39. Bg4 Ra4 40. Bd1 Raa8 41. Ng4 Rh8 42. Rxh8 Rxh8 43. Ne3 Kf7 44. Bg4 Ke7 45. Bd1 Rf8 46. Bc2 Rh8 47. Nd1 Rh4 48. Ne3 g4 49. Bd1 g3 50. Bc2 Rh2+ 51. Kxg3 Rd2 52. Kf3 Kf7 53. Bb3 f5 54. exf5 gxf5 55. Nxf5 Rd3+ 56. Ne3 Kf6 57. Ke2 e4 58. Nc2 Ke5 59. Nxa3 Rh3 60. Nc2 Kf4 61. Ne1 Rh2+ 62. Kd1 e3 63. Bc2 Rd2+ 64. Kc1 Rd4 65. Bd3 Kg3 66. Kd1 Kf2 67. a4 Rh4 68. a5 Rh1 69. a6 bxa6 70. b6 Rxe1+ 71. Kc2 Rh1 72. d6 Rh8 73. d7 e2 74. Bxe2 Kxe2 75. Kb3 Kd3 76. Ka4 Kxc4 77. Ka5 Kd5 78. Kxa6 Kc6 79. b7 Kxd7 80. Kb5 Kc7 0-1

[Event "Wch U16 Girls"]
[Site "Vung Tau"]
[Date "2008.10.26"]
[Round "7"]
[White "Arig, Busra"]
[Black "Danierova, Rayhon"]
[Result "0-1"]
[WhiteElo "1769"]
[BlackElo "1954"]
[PlyCount "54"]
[EventDate "2008.10.20"]
[EventType "swiss"]
[EventRounds "11"]
[EventCountry "VIE"]
[SourceTitle "EXT 2009"]
[Source "ChessBase"]
[SourceDate "2008.11.26"]
[SourceVersion "1"]
[SourceVersionDate "2008.11.26"]
[SourceQuality "1"]

1. e4 e5 2. Nf3 d6 3. d4 Nd7 4. Bc4 c6 5. 0-0 Qc7 6. a4 Be7 7. Nc3 Ngf6 8. Re1 0-0 9. h3 Rd8 10. b3 h6 11. Bb2 Nf8 12. Qd2 Ng6 13. Rad1 Nf4 14. Ne2 Nxe4 15. Qc1 d5 16. dxe5 Nxh3+ 17. gxh3 dxc4 18. Rxd8+ Bxd8 19. Nf4 Ng5 20. Nd4 Nxh3+ 21. Nxh3 Bxh3 22. e6 Bg5 23. Qa1 c5 24. Nf3 Qf4 25. exf7+ Kh7 26. Nh2 Bh4 27. f3 Qg3+ 0-1

[Event "UZB-ch U20 Girls"]
[Site "Tashkent"]
[Date "2007.09.19"]
[Round "7"]
[White "Turdialieva, Tahmina"]
[Black "Danierova, Rayhon"]
[Result "1-0"]
[WhiteElo "1931"]
[BlackElo "1949"]
[PlyCount "39"]
[EventDate "2007.09.13"]
[EventType "tourn"]
[EventRounds "9"]
[EventCountry "UZB"]
[SourceTitle "EXT 2015"]
[Source "ChessBase"]
[SourceDate "2014.11.20"]
[SourceVersion "1"]
[SourceVersionDate "2014.11.20"]
[SourceQuality "1"]

1. e4 e5 2. Nc3 Nc6 3. Bc4 Bc5 4. Qg4 g6 5. Qf3 Nf6 6. Nge2 a6 7. d3 h6 8. Be3 Be7 9. a3 d6 10. h3 b5 11. Ba2 Bb7 12. 0-0 b4 13. axb4 Nxb4 14. Bb3 c5 15. g4 Nc6 16. h4 Nd4 17. Bxd4 cxd4 18. g5 dxc3 19. Nxc3 Nh5 20. Qxf7+ 1-0

[Event "UZB-ch U20 Girls"]
[Site "Tashkent"]
[Date "2007.09.14"]
[Round "2"]
[White "Danierova, Rayhon"]
[Black "Sabirova, Shakhnoza"]
[Result "1-0"]
[WhiteElo "1949"]
[BlackElo "1964"]
[PlyCount "70"]
[EventDate "2007.09.13"]
[EventType "tourn"]
[EventRounds "9"]
[EventCountry "UZB"]
[SourceTitle "EXT 2015"]
[Source "ChessBase"]
[SourceDate "2014.11.20"]
[SourceVersion "1"]
[SourceVersionDate "2014.11.20"]
[SourceQuality "1"]

1. d4 Nf6 2. e3 d5 3. Bd3 c6 4. f4 Bg4 5. Nf3 e6 6. Nbd2 Nbd7 7. h3 Bf5 8. Be2 h5 9. 0-0 Ne4 10. Nxe4 Bxe4 11. Ng5 Ne5 12. fxe5 Qxg5 13. Bf3 Qg6 14. c4 Bc2 15. Qe1 Bd3 16. cxd5 exd5 17. Rf2 Be7 18. Qd1 Bh4 19. Rd2 Bf5 20. Kh1 Qg3 21. Qf1 g5 22. Rd1 g4 23. Bxd5 Bg6 24. Bd2 gxh3 25. Be1 Qg4 26. Bf3 hxg2+ 27. Qxg2 Qxg2+ 28. Bxg2 Bg5 29. Bf2 h4 30. Rg1 Be7 31. e4 0-0-0 32. d5 Bb4 33. Bxa7 c5 34. d6 Kd7 35. Bb6 Rdg8 1-0

[Event "Asia-ch U16 Girls"]
[Site "Tashkent"]
[Date "2007.07.06"]
[Round "8"]
[White "Tokhirjanova, Hulkar"]
[Black "Danierova, Rayhon"]
[Result "0-1"]
[WhiteElo "2006"]
[BlackElo "1949"]
[PlyCount "70"]
[EventDate "2007.06.28"]
[EventType "swiss"]
[EventRounds "9"]
[EventCountry "UZB"]
[SourceTitle "CBM 119 Extra"]
[Source "ChessBase"]
[SourceDate "2007.09.04"]
[SourceVersion "1"]
[SourceVersionDate "2007.09.04"]
[SourceQuality "1"]

1. e4 e5 2. Nf3 d6 3. d4 Nd7 4. Bc4 c6 5. dxe5 dxe5 6. Ng5 Nh6 7. 0-0 Be7 8. Ne6 fxe6 9. Bxh6 Bf6 10. Qh5+ g6 11. Qg4 Nc5 12. Be3 b5 13. Bxb5 cxb5 14. Bxc5 Qc7 15. b4 Kf7 16. Nc3 Bd7 17. Rfd1 Rhe8 18. Qe2 a6 19. a4 Qb7 20. Qf3 Bc6 21. a5 Kg7 22. Rd3 Be7 23. Qg3 Qc7 24. Bxe7 Rxe7 25. Rad1 Rc8 26. Rd6 Rf8 27. Qxe5+ Kg8 28. f3 Rc8 29. Ne2 Be8 30. Nd4 Bf7 31. Nc6 Ree8 32. Qf6 Qxc6 33. Rxc6 Rxc6 34. Rd7 Rf8 35. c3 Rcc8 0-1